| 000 | 00930amm a2200289 4500 | ||
|---|---|---|---|
| 008 | 220519s2013 cat | ||
| 041 | _acat | ||
| 080 | _a7.02(038) | ||
| 100 |
_aMartí i Bonet, Josep M. _975174 |
||
| 245 |
_aSacralia antiqua: Diccionari del catalogador del patrimoni cultural de l'Església _h[recurs electrònic] _cJ.M. Martí i Bonet amb la col·laboració de Joana Alarcón, Gemma Pallàs i Francesc Tena |
||
| 260 |
_aBarcelona _bMuseu Diocesà de Barcelona _c2013 |
||
| 300 |
_a296 p. _b1 document PDF |
||
| 520 | _aaprox. 4.000 | ||
| 546 | _acatalà | ||
| 592 | _aObra terminològica | ||
| 593 | _aOSL | ||
| 593 | _aQK | ||
| 593 | _aUA | ||
| 650 |
_apatrimoni cultural _967038 |
||
| 650 | 0 |
_aart _963671 |
|
| 650 | 0 |
_areligió _963897 |
|
| 901 | _c<2013> | ||
| 902 | _a220519 | ||
| 942 |
_cMO _n0 _2ddc |
||
| 999 |
_c68156 _d68156 |
||